Modernism as a philosophical problem : on the dissatisfactions of European high culture /

Bibliographic Details
Main Author: Pippin, Robert B., 1948-
Format: Book
Language:English
Published: Cambridge, Mass., USA : B. Blackwell, 1991.
Subjects:

MARC

Tag First Indicator Second Indicator Subfields
LEADER 00000cam a2200000 a 4500
001 in00000937621
005 20150925124107.0
008 900523s1991 mau b 00110 eng
010 |a  90038302  
020 |a 0631172580 :  |c $70.00 
020 |a 0631176578 (pbk.) :  |c $21.90 
035 |a (OCoLC)21905235 
035 |9 AES1658AM 
040 |a DLC  |c DLC  |d TXA  |d UtOrBLW 
049 |a TXAM 
050 0 0 |a B803  |b .P57 1991 
082 0 0 |a 190  |2 20 
100 1 |a Pippin, Robert B.,  |d 1948- 
245 1 0 |a Modernism as a philosophical problem :  |b on the dissatisfactions of European high culture /  |c Robert B. Pippin. 
264 1 |a Cambridge, Mass., USA :  |b B. Blackwell,  |c 1991. 
300 |a viii, 218 pages ;  |c 24 cm. 
336 |a text  |b txt  |2 rdacontent 
337 |a unmediated  |b n  |2 rdamedia 
338 |a volume  |b nc  |2 rdacarrier 
504 |a Includes bibliographical references (pages [202]-213) and index. 
650 0 |a Philosophy, Modern  |y 19th century. 
650 0 |a Philosophy, Modern  |y 20th century. 
650 0 |a Civilization, Modern  |y 19th century. 
650 0 |a Civilization, Modern  |y 20th century. 
999 |a MARS 
999 f f |s 039bf9f7-d3cc-386f-bfb5-ce614ab9523f  |i a0fcfcd1-b558-3853-a737-761049496fc4  |t 0 
952 f f |p normal  |a Texas A&M University  |b College Station  |c Sterling C. Evans Library  |d Evans: Library Stacks  |t 0  |e B803 .P57 1991  |h Library of Congress classification  |i unmediated -- volume  |m A14814431838 
998 f f |a B803 .P57 1991  |t 0  |l Evans: Library Stacks